|
|
|
|
| LEADER |
00000nam0a2200000 4500 |
| 001 |
81699 |
| 005 |
20231031095249.0 |
| 035 |
|
|
|a (RuTPU)RU\TPU\book\87809
|
| 090 |
|
|
|a 81699
|
| 100 |
|
|
|a 20050922d1948 m y0rusy50 ca
|
| 101 |
0 |
|
|a rus
|
| 102 |
|
|
|a RU
|
| 105 |
|
|
|a a j 001zy
|
| 200 |
1 |
|
|a Лабораторное руководство по химии промежуточных продуктов и красителей
|e учебное пособие для вузов
|f В. М. Родионов, Б. М. Богословский, А. М. Федорова
|
| 210 |
|
|
|a Москва
|c Госхимиздат
|d 1948
|a Ленинград
|
| 215 |
|
|
|a 212 с.
|c ил.
|
| 320 |
|
|
|a Предметный указатель: с. 209-212
|
| 610 |
1 |
|
|a красители
|
| 610 |
1 |
|
|a промежуточные продукты
|
| 610 |
1 |
|
|a учебные пособия
|
| 610 |
1 |
|
|a химия
|
| 610 |
1 |
|
|a органический синтез
|
| 675 |
|
|
|a 667(075.8)
|v 3
|
| 700 |
|
1 |
|a Родионов
|b В. М.
|
| 701 |
|
1 |
|a Богословский
|b Б. М.
|
| 701 |
|
1 |
|a Федорова
|b А. М.
|
| 801 |
|
1 |
|a RU
|b 63413507
|c 20050922
|g PSBO
|
| 801 |
|
2 |
|a RU
|b 63413507
|c 20051202
|g PSBO
|
| 942 |
|
|
|c BK
|